Biology. / (Record no. 5751)
[ view plain ]
| 000 -LEADER | |
|---|---|
| fixed length control field | 02359cam a22003138i 4500 |
| 001 - CONTROL NUMBER | |
| control field | 10423078 |
| 003 - CONTROL NUMBER IDENTIFIER | |
| control field | OSt |
| 005 - DATE AND TIME OF LATEST TRANSACTION | |
| control field | 20210414114504.0 |
| 008 - FIXED-LENGTH DATA ELEMENTS--GENERAL INFORMATION | |
| fixed length control field | 150930b xxu||||| |||| 00| 0 eng d |
| 020 ## - INTERNATIONAL STANDARD BOOK NUMBER | |
| International Standard Book Number | 9780071327640 |
| 040 ## - CATALOGING SOURCE | |
| Transcribing agency | dl |
| 050 00 - LIBRARY OF CONGRESS CALL NUMBER | |
| Classification number | QH308.2.R38 |
| 100 1# - MAIN ENTRY--PERSONAL NAME | |
| Personal name | Mason, Kenneth A. |
| 245 10 - TITLE STATEMENT | |
| Title | Biology. / |
| Statement of responsibility, etc. | Kenneth A. Mason. |
| 250 ## - EDITION STATEMENT | |
| Edition statement | 9th ed. |
| 260 ## - PUBLICATION, DISTRIBUTION, ETC. | |
| Place of publication, distribution, etc. | New York: |
| Name of publisher, distributor, etc. | McGraw Hill, |
| Date of publication, distribution, etc. | 2011. |
| 300 ## - PHYSICAL DESCRIPTION | |
| Extent | xxvi, 1279 pg : |
| Other physical details | ill (col) ; |
| Dimensions | 29 cm |
| 500 ## - GENERAL NOTE | |
| General note | Includes index. |
| 505 2# - FORMATTED CONTENTS NOTE | |
| Formatted contents note | Contents: The science of biology --The nature of molecules and the properties of water -- The chemical building blocks of life -- Cell structure -- Membranes -- Energy and metabolism -- How cells harvest energy -- Photosynthesis -- Cell communication -- How cells divide -- Sexual reproduction and meiosis -- Patterns of inheritance -- Chromosomes, mapping, and the meiosis-inheritance connection -- DNA : the genetic material -- Genes and how they work -- Control of gene expression -- Biotechnology -- Genomics -- Cellular mechanisms and development -- Genes within populations -- The evidence for evolution -- The origin of species -- Systematics and the phylogenies revolution -- Genome evolution -- Evolution of development -- The tree of life -- Viruses -- Prokaryotes -- Protists -- Green plants -- Fungi -- Overview of Animal diversity -- Noncoelomate invertebrates -- Coelomate invertebrates -- Vertebrates -- Plant form -- Vegetative plant development -- Transport in plants -- Plants nutrition and soil -- Plant deference responses -- Sensory systems in plants -- Plant reproduction -- The animal body and principles of regulation -- The nervous system -- Sensory systems -- The endocrine system -- The musculoskeletal system -- The digestive system -- The respiratory system -- The circulatory system -- Osmotic regulation and the urinary system -- The immune system --The reproductive system ; Animal development -- Behavioral biology ; Ecology of individuals and populations -- Community ecology ; Dynamics of ecosystems -- The biosphere -- Conservation biology. |
| 650 #0 - SUBJECT ADDED ENTRY--TOPICAL TERM | |
| Topical term or geographic name entry element | Biology. |
| 650 #7 - SUBJECT ADDED ENTRY--TOPICAL TERM | |
| Topical term or geographic name entry element | Biologie. |
| Source of heading or term | gnd |
| 700 1# - ADDED ENTRY--PERSONAL NAME | |
| Personal name | Losos,Jonathan B. |
| 700 1# - ADDED ENTRY--PERSONAL NAME | |
| Personal name | Singer,Susan R. |
| 700 1# - ADDED ENTRY--PERSONAL NAME | |
| Personal name | . |
| 942 ## - ADDED ENTRY ELEMENTS (KOHA) | |
| Source of classification or shelving scheme | Library of Congress Classification |
| Koha item type | Books |
| 948 1# - LOCAL PROCESSING INFORMATION (OCLC); SERIES PART DESIGNATOR (RLIN) | |
| Series part designator, SPT (RLIN) | 20130814 |
| b (OCLC) | c |
| c (OCLC) | rad1 |
| d (OCLC) | MPS |
| 948 2# - LOCAL PROCESSING INFORMATION (OCLC); SERIES PART DESIGNATOR (RLIN) | |
| Series part designator, SPT (RLIN) | 20130814 |
| b (OCLC) | a |
| c (OCLC) | rad1 |
| d (OCLC) | MPS |
| Withdrawn status | Lost status | Source of classification or shelving scheme | Damaged status | Not for loan | Collection code | Home library | Current library | Shelving location | Date acquired | Total Checkouts | Full call number | Barcode | Date last seen | Copy number | Price effective from | Koha item type |
|---|---|---|---|---|---|---|---|---|---|---|---|---|---|---|---|---|
| Library of Congress Classification | Non-fiction | WISCONSIN INTERNATIONAL UNIVERSITY COLLEGE, GHANA - MAIN LIBRARY | WISCONSIN INTERNATIONAL UNIVERSITY COLLEGE, GHANA - MAIN LIBRARY | nursing | 30/09/2015 | QH308.2.R38 | NURS/181/15 | 30/09/2015 | 1 | 30/09/2015 | Books | |||||
| Library of Congress Classification | Non-fiction | WISCONSIN INTERNATIONAL UNIVERSITY COLLEGE, GHANA - MAIN LIBRARY | WISCONSIN INTERNATIONAL UNIVERSITY COLLEGE, GHANA - MAIN LIBRARY | nursing | 30/09/2015 | QH308.2.R381 | NURS/182/15 | 30/09/2015 | 2 | 30/09/2015 | Books | |||||
| Library of Congress Classification | Non-fiction | WISCONSIN INTERNATIONAL UNIVERSITY COLLEGE, GHANA - MAIN LIBRARY | WISCONSIN INTERNATIONAL UNIVERSITY COLLEGE, GHANA - MAIN LIBRARY | nursing | 30/09/2015 | QH308.2.R382 | NURS/183/15 | 30/09/2015 | 3 | 30/09/2015 | Books | |||||
| Library of Congress Classification | Non-fiction | WISCONSIN INTERNATIONAL UNIVERSITY COLLEGE, GHANA - MAIN LIBRARY | WISCONSIN INTERNATIONAL UNIVERSITY COLLEGE, GHANA - MAIN LIBRARY | nursing | 30/09/2015 | QH308.2.R383 | NURS/184/15 | 30/09/2015 | 4 | 30/09/2015 | Books |
